000 00294nam a22001337a 4500
008 170608b xxu||||| |||| 00| 0 eng d
020 _a9781588263452
041 _aeng
080 _a32
100 _a18
101 _aSHP
245 _aDOING COMPRATIVR POLITICS
_cLIM.TH.C
942 _2udc
_cBK
999 _c16418
_d16418